TOP 10 des films français qui ont fait le plus d'entrée au cinéma - Statistiques

Statistiques générales
  • Ce quiz a été pris 34 fois
  • Le résultat moyen est 3 sur 10
Statistiques - réponses
TOP Nombres d'entrées au cinéma Films % Correct
2 19 490 688 Intouchables
85%
1 20 489 303 Bienvenue chez les Ch'tis
70%
3 17 267 607 La Grande Vadrouille
48%
7 12 361 430 Qu'est-ce qu'on a fait au Bon Dieu
44%
10 10 345 901 Taxi 2
33%
5 13 782 991 Les Visiteurs
30%
8 11 739 783 Le Corniaud
19%
6 12 791 168 Le Petit Monde de Don Camillo
11%
9 10 355 928 Les Bronzés 3 - Amis pour la vie
4%
4 14 559 509 Astérix & Obélix - Mission Cléopâtre
0%
Aucun quiz correspondant
Distribution des résultats
% des personnes avec chaque résultat
Percentile par nombre de réponses
Votre historique - résultats
Vous n’avez pas pris ce quiz